| 000 | 00760nam a2200229 i 4500 | ||
|---|---|---|---|
| 001 | 105421 | ||
| 003 | ES-MaACL | ||
| 007 | t| | ||
| 008 | 060710s1972 fr ||||1| fre d | ||
| 080 | _a930.85(=1.72:73) | ||
| 100 | 1 |
_aSteiner, Stan. _9108060 |
|
| 245 | 1 | 3 |
_aLa raza _b: la révolte des indiens du sud des Etats-Unis / _cStan Steiner ; traduit de l'anglais par Martine Wiznitzer. |
| 260 |
_aParis : _bFrançois Maspero, _c1972. |
||
| 300 |
_a376 p. ; _c22 cm. |
||
| 490 | 1 |
_aCahiers libres ; _v228-229 |
|
| 500 | _aBiblioteca Juan Andrade. | ||
| 650 | 1 | 4 |
_aChicanos- _xCivilización. _910917 |
| 700 | 1 |
_aWiznitzer, Martine. _9117200 |
|
| 830 | 0 |
_aCahiers libres ; _v228-229 _9185022 |
|
| 852 |
_aES-MaACL _jAND-216 _bR.109536 |
||
| 999 |
_c105421 _d105421 |
||